Statistiques concernant Surnoms de pays

Cliquez ici pour prendre le quiz!

Statistiques générales

  • Ce quiz a été pris 228 fois
  • Le résultat moyen est 10 sur 18

Statistiques - réponses

SurnomPays% Correct
L'HexagoneFrance
91%
Le pays de l'Oncle SamEtats-Unis
90%
La BotteItalie
90%
Le pays du Soleil LevantJapon
90%
Le plat paysBelgique
82%
Le pays du CèdreLiban
70%
La larme de l'IndeSri Lanka
62%
L'île d'AphroditeChypre
54%
La nation arc-en-cielAfrique du Sud
53%
La Suisse de l'Amérique centraleCosta Rica
51%
Le pays aux mille lacsFinlande
48%
Le sous-continentInde
40%
Le Tigre de la BaltiqueEstonie
35%
L'île verteIrlande
35%
Le pays des hommes intègresBurkina Faso
23%
L'île RougeMadagascar
16%
Le pays du million d'éléphantsLaos
14%
Le pays du ciel bleuMongolie
4%

Distribution des résultats

Percentile par nombre de réponses

% des personnes avec chaque résultat

Votre développement - résultats

Vous n’avez pas pris ce quiz